Tonja : malý hrom z hor /
Příběh nezkrotné desetileté Tonji žijící v odlehlém norském údolí Glimmerdal nabízí směs dobrodružství, humoru a přátelství.
Uloženo v:
| Hlavní autor: | |
|---|---|
| Další autoři: | , |
| Médium: | Kniha |
| Jazyk: | Czech |
| Vydáno: |
Brno :
Host,
2026
|
| Vydání: | První vydání |
| Témata: | |
| Celkem bylo vypůjčeno: | 1x |
| Tagy: |
Žádné tagy |
| LEADER | 02629nam a2200481 i 4500 | ||
|---|---|---|---|
| 001 | 106289 | ||
| 003 | CZ PrNK | ||
| 005 | 20260511111258.0 | ||
| 007 | ta | ||
| 008 | 260311s2026 xr a b 000 j cze | ||
| 015 | |a cnb003740061 | ||
| 020 | |a 9788027526666 |q (vázáno) | ||
| 040 | |a ABG001 |b cze |d ABA001 |e rda | ||
| 041 | 1 | |a cze |h nor | |
| 072 | 7 | |a 821.11 |x Germánské literatury |2 Konspekt |9 25 | |
| 072 | 7 | |a 821-93 |x Literatura pro děti a mládež (beletrie) |2 Konspekt |9 26 | |
| 080 | |a 821.113.5-32 |2 MRF | ||
| 080 | |a 821-93 |2 MRF | ||
| 080 | |a (0:82-32) |2 MRF | ||
| 100 | 1 | |a Parr, Maria, |d 1981- |7 xx0155404 |4 aut |9 20301 | |
| 240 | 1 | 0 | |a Tonje Glimmerdal. |l Česky |
| 245 | 1 | 0 | |a Tonja : |b malý hrom z hor / |c napsala Maria Parrová ; ilustrovala Zuzana Čupová ; přeložila Jarka Vrbová |
| 250 | |a První vydání | ||
| 264 | 1 | |a Brno : |b Host, |c 2026 | |
| 300 | |a 241 stran : |b ilustrace ; |c 21 cm | ||
| 336 | |a text |b txt |2 rdacontent | ||
| 337 | |a bez média |b n |2 rdamedia | ||
| 338 | |a svazek |b nc |2 rdacarrier | ||
| 500 | |a Přeloženo z norštiny | ||
| 520 | 2 | |a Příběh nezkrotné desetileté Tonji žijící v odlehlém norském údolí Glimmerdal nabízí směs dobrodružství, humoru a přátelství. |b Když vystoupíte z trajektu na molo, hned ucítíte, jak z údolí vane vítr. Voní borovicemi a smrky. Když stoupáte po příkré cestě k horám, přibývá lesa a ubývá domů. V tomto pohádkově krásném údolí žije jediné dítě: Tonja. Tonja sice vydá za sto dětí, zejména co se hlučnosti a bláznivých nápadů týče, ale co naplat, kamarádit sám se sebou člověk nemůže. A tak se Tonja kamarádí s Gunnvaldem, kterému je sedmdesát čtyři. Zná ho jako své boty. Nebo ne? Jednoho dne se Gunnvald ocitne v nemocnici a ukáže se, že tajemna je kolem něj poměrně dost. Tonja se musí hodně činit, aby svého nejlepšího kamaráda udržela nad vodou. Nakladatelská anotace. Kráceno. | |
| 521 | 8 | |a Pro děti od 6 let | |
| 546 | |a Český text | ||
| 655 | 7 | |a norské příběhy |7 fd183164 |2 czenas |9 54065 | |
| 655 | 7 | |a publikace pro děti |7 fd133156 |2 czenas |9 23 | |
| 655 | 9 | |a Norwegian stories |2 eczenas | |
| 655 | 9 | |a children's literature |2 eczenas | |
| 700 | 1 | |a Čupová, Zuzana, |d 1993- |7 xx0237615 |4 ill |9 112848 | |
| 700 | 1 | |a Vrbová, Jarka, |d 1950- |7 jn20000402620 |4 trl |9 21477 | |
| 710 | 2 | |a Host (vydavatelství) |7 ko2003163544 |4 pbl |9 117148 | |
| 910 | |a UOG502 | ||
| 942 | |2 ddc |c KN | ||
| 999 | |d 106289 | ||
| 993 | |0 0 |1 421180107013 |2 ddc |4 0 |6 M_I |7 0 |9 99656 |b 0 |c 107013 |d 2026-05-11 |e 1 |f M |g M/I |h 429.00 |i Koupě |l M |q 2026-06-24 |r 2026-05-13 |s 2026-05-13 |t 8 |w 2026-05-11 |y KN |z BELET |n | ||